Complete real estate listing hand book

Bibliographic Details
Main Author: Esau, Theodore
Format: Book
Published: Engliwood cliffs New Jersey : Prentice Hall Incorporation , 1980
Subjects:

MARC

LEADER 00000cam a2200000 7i4500
001 0000008034
005 20161109.0
020 |a 0131624040 
040 |a INS 
090 0 0 |a HD1375.   |b E8 1980 
100 1 |a Esau, Theodore 
245 1 0 |a Complete real estate listing hand book   |c Theodore Esau 
260 |a Engliwood cliffs New Jersey :   |b Prentice Hall Incorporation ,   |c 1980 
300 |a 286p. ;   |c 25 cm. 
650 0 0 |a Real property   |x listings 
999 |a 0000022799   |b BOOK   |c Open Shelf   |e Default branch 
999 |a 0000022813   |b BOOK   |c Open Shelf   |e Default branch